Computability Theory : Concepts and Applications

Saved in:
Bibliographic Details
Main Author: Dunne, Paul E.
Format: Book
Language:English
Published: New York : Ellis Horwood, 1991
Series:Computers and their applications
Subjects:
Tags: Add Tag
No Tags, Be the first to tag this record!

MARC

LEADER 00000nam a2200000 i 4500
001 1/62410
008 941103s1991 eng d
020 |a 0-13-159484-2 
035 |a 1993  |c ΠΑΝΑΓΙΩΤΟΠΟΥΛΟΣ  |l 10046609 
040 |a GR-MY-UA  |b gre  |e aacr 
041 0 |a eng 
082 0 |a 004 
100 1 |a Dunne, Paul E. 
245 1 0 |a Computability Theory :  |b Concepts and Applications /  |c Paul E. Dunne 
260 |a New York :   |b Ellis Horwood,   |c 1991 
300 |a 150 p.;  |c 24 cm. 
490 1 |a Ellis Horwood series in computers and their applications 
500 |a Includes index 
650 0 0 |a Computable functions. 
830 0 |a Computers and their applications 
852 |a INST  |b SAMOS  |e 19941103  |h 004 DUN  |p 005300003718  |q 005300003718  |t BK  |y 0 
909 |a Σ  |b 029599